00385nam a2200157Ia 4500003000400000005001700004008004000021020001800061040000700079041001200086082001700098100002300115245004300138260003800181300000800219OSt20231031153945.0210210b1997 xxu||||| |||| 00| 0 eng d a81 86662 00 6 cAL aKonkani a891.463 NAJN aNAJRET (Edvard L). aNirmone.bನಿರ್ಮೊಣೆ  aManglur.bRakno Prakashan.,c1997 a234